Регионална библиотека "Любен Каравелов" - Русе

Мисия Туран (Запис номер 420339)

MARC детайли
000 -Лидер
Контролно поле с фиксирана дължина 00974nam a2200277 a 4500
003 - Код на организацията, давaща контролен номер
Контролно поле BLK
005 - Дата и час на последна редакция
Контролно поле 20250127112212.0
008 - Елементи от данни с фиксирана дължина
fixed length control field 180408b bul|||||r ||||||| ||bul||
010 ## - Наследен системен номер
LC control number KNG00096176000
020 ## - Международен стандартен номер на книга ISBN
Международен стандартен номер на книга ISBN 9789542835264
040 ## - Източник на каталожния запис
Идентификатор на билиотеката - собственик на записа BLK
041 ## - Код за език
Код за езика на текст/звукозапис или на отделно заглавие Български
Код за езика КДБФ Български
080 ## - УДК
Текстов определител УДК Българска литература
УДК код - определител по УДК 821.163.2
УДК определител -313
УДК - код + определител 821.163.2-313
100 1# - Редна дума - Автор
Автор Попов, Алек
Дати, свързани с автора 1966-
Пълна форма на името Попов, Александър Василев
Авторска отговорност първи автор
R(LIN) 222582
139 ## - Редно поле
Редна дума Попов, Алек Василев
Авторски знак Попов - П 76
245 10 - Сведения за заглавието
Заглавие Мисия Туран
Подзаглавни данни Преброяване на древните българи
Редно поле (дума) Алек Попов.
250 ## - Област на изданието
Сведения за изданието 7. изд.
257 ## - Страна на издаване
Страна на създаване/издаване България
260 ## - Област на издателските данни
Място на издаване, разпространение и проч. София
Име на издателя, разпространителя и проч. Сиела Норма
Година на издаване 2021
9 (RLIN) 217021
Издателство - префикс ISBN 978-954-28-
300 ## - Физическа характеристика
Страници 409 с.
Размери/Мащаб 21 см
380 ## - Жанр
Жанр Худож. лит.
856 4# - Електронен адрес и достъп
Инструкция (цена за достъп) 0.00
Права за достъп disable
856 4# - Електронен адрес и достъп
Инструкция (цена за достъп) 0.00
Права за достъп disable
999 ## - СИСТЕМНИ КОНТРОЛНИ НОМЕРА
Koha biblionumber 420339
Koha biblioitemnumber 420339
942 ## - АРТИКУЛИ
Вид на библиотечния материал Книги
Скрит в OPAC Не
Koha issues (borrowed), all copies 36
Периодичен библиозапис Да
944 ## - СЪЗДАВАНЕ И РЕДАКЦИЯ на ЗАПИСА
Служител, извършил регистрацията/редакцията 30575
Статус, дата на статуса Мартин Енчев
Наличности
Код за отписване Код за изгубен артикул Източник на класификационната схема Код за повреда Коз за рестрикции Код за отдаване Артикулен № Име на библиотеката - собственик Име на библиотеката, в която се намира в момента Статус (Текущо местоположение) Дата на вписване в системата Местоположение - отдел Цена в лева Систематично азбучна сигнатура Баркод Цена в евро Служебен тип на артикула Инвентарен номер
  Не е изгубен Universal Decimal Classification Не е повреден без рестрикции заемане за дома 838111 Регионална библиотека "Любен Каравелов" Русе Регионална библиотека "Любен Каравелов" Русе Заемна - подръчен фонд 2021-06-18 Заемна - подръчен фонд 14.18 821.163.2-31/П 76 А 120000857032 7.25 Книги  
  Не е изгубен Universal Decimal Classification Не е повреден без рестрикции заемане за дома 838112 Регионална библиотека "Любен Каравелов" Русе Регионална библиотека "Любен Каравелов" Русе Заемна - подръчен фонд 2021-06-18 Заемна - подръчен фонд 14.18 821.163.2-31/П 76 А 120000857030 7.25 Книги  
  Не е изгубен Universal Decimal Classification Не е повреден без рестрикции заемане за дома 838113 Регионална библиотека "Любен Каравелов" Русе Регионална библиотека "Любен Каравелов" Русе Заемна - подръчен фонд 2021-06-18 Заемна - подръчен фонд 14.18 821.163.2-31/П 76 А 120000857031 7.25 Книги  
  Не е изгубен Universal Decimal Classification Не е повреден само за читалня ползва се в читалня 926314 Регионална библиотека "Любен Каравелов" Русе Регионална библиотека "Любен Каравелов" Русе Хранилище 2023-03-31 Основен фонд - ползва се само за читалня 18.90 Цб 317194 120000885534 9.66 Книги 120000885534
Vip Innovations Ltd, Rousse, Bulgaria 2025